Breve meditación sobre los votos

Gardado en:
Detalles Bibliográficos
Autor Principal: Giordano Cabra, Pier (Author)
Formato: Libro
Idioma:Lingua castelá
Publicado: Santiago Paulinas 1980
Series:Colección Orar Siempre, 2
Subjects:
Tags: Engadir etiqueta
Sen Etiquetas, Sexa o primeiro en etiquetar este rexistro!

MARC

LEADER 00000nam a2200000 a 4500
001 UCX2790
003 CL-VaPUC
008 910812e19800000CL |||||||||||||||||spa|d
082 0 4 |a 248.32  |b GIO  |2 21 
100 |a Giordano Cabra, Pier  |e author  |9 584026 
245 1 0 |a Breve meditación sobre los votos 
300 |a 69 p 
942 |c BK 
945 |d 19910812 00:00:00 
260 |a Santiago  |b Paulinas  |c 1980 
650 0 |a Oración  |9 313348 
650 0 |a Vida cristiana  |9 258753 
583 |a last modification  |c 19910812 00:00:00  |k Rodrigo Vera 
490 0 |a Colección Orar Siempre, 2 
999 |c 223737  |d 223735 
952 |0 0  |1 0  |4 0  |6 248_320000000000000_GIO_1980  |7 0  |8 A  |9 219801  |a BIBTEO  |b BIBTEO  |d 2019-11-15  |i 2884860  |o 248.32 GIO 1980  |p 2884860  |r 2025-01-17  |w 2019-11-15  |y BK  |k ICR